000 01952nam0a22003851 4500
001 v19\rc\2069791
005 20260209161639.0
035 _a(NLR Aleph) 005275517
090 _a6044346
_c6044346
100 _a20081111d1912 u y0rusy50 ca
101 0 _arus
102 _aRU
105 _aa z |||a|
200 1 _aБылое на Руси
_eИст. рассказы
_fЛ. Черский
_gС рис. худож. Б. Чирикова, Я. Сизова, Н. Захарова и снимками с картин: К. Маковского, М. Пескова, С. Соломко [и др.]
_gГравировали: В. Адт, Ю. Шюблер [и др.]
210 _aСанкт-Петербург
_cВ.И. Губинский
_d1912
215 _a288 с., 12 л. ил.
_cил.
_d22
316 _aЭкземпляр РНБ (37.36.4.30): утрачен
_5NLR: 37.36.4.30
700 1 _aЧерский
_bЛ. Ф.
_gЛеонид Федорович
_3RU\NLR\AUTH\7776304
_7ca
702 1 _aСоломко
_bС. С.
_f1867-1928
_gСергей Сергеевич
_3RU\NLR\AUTH\7741250
_4570
_7ca
702 1 _aЧириков
_bБ.
_4440
702 1 _aСизов
_bЯ.
_4440
702 1 _aЗахаров
_bН.
_cхудожник
_4440
702 1 _aМаковский
_bК. Е.
_cхудожник
_f1839-1915
_gКонстантин Егорович
_3RU\NLR\AUTH\7793259
_4570
702 1 _aПесков
_bМ. И.
_f1834-
_gМихаил Иванович
_4570
702 1 _aАдт
_bВ. Ф.
_cгравер
_f19 в.
_gВольдемар Францевич
_3RU\NLR\AUTH\7798458
_4350
702 1 _aШюблер
_bЮ. К.
_cгравер
_fок. 1854-
_gЮлиан Карлович
_3RU\NLR\AUTH\7796146
_4440
801 0 _aRU
_bNLR
_c20081111
_gpsbo
801 0 _aRU
_bRuMoRGB
_c20081111
_2psbo
801 1 _aRU
_bProSoft-M
_c20081111
_2rusmarc
801 2 _aRU
_bNLR
_c20090424
_2rusmarc
852 _aNLR
_j37.36.4.30
852 _aNLR
_j130/5427
942 _cBOOK
980 _aNB